LEADER 00940nam0-2200313---450- 001 990008598950403321 005 20081029135347.0 010 $a978-0-521-81451-5 035 $a000859895 035 $aFED01000859895 035 $a(Aleph)000859895FED01 035 $a000859895 100 $a20080108d2006----km-y0itay50------ba 101 0 $aeng 102 $aGB 105 $aa-------001yy 200 1 $aGeometry of quantum states$ean introduction to quantum entanglement$fIngemar Bengtsson and Karol Zyczkowski 210 $aCambridge$cCambridge University Press$dc2006 215 $axii, 419 p.$cill.$d24 cm 610 0 $aQuantum computing 700 1$aBengtsson,$bIngemar$0321405 701 1$aZyczkowski,$bKarol$0502910 801 0$aIT$bUNINA$gRICA$2UNIMARC 901 $aBK 912 $a990008598950403321 952 $a22D-012$bD.S.F. 8967$fFI1 959 $aFI1 996 $aGeometry of quantum states$9712913 997 $aUNINA LEADER 01845nam0 22004573i 450 001 VAN0249875 005 20230531121536.897 017 70$2N$a9783030432188 100 $a20220909d2020 |0itac50 ba 101 $aeng 102 $aCH 105 $a|||| ||||| 200 1 $aStereotomy$eStone Construction and Geometry in Western Europe 1200?1900$fJosé Calvo-López 210 $aCham$cBirkhäuser$cSpringer$d2020 215 $axxxvi, 719 p.$cill.$d24 cm 410 1$1001VAN0115423$12001 $aMathematics and the built environment$1210 $aBasel [etc.]$cBirkhäuser$d2016-$v4 500 1$3VAN0249877$aStereotomy$92034098 606 $a51-XX$xGeometry [MSC 2020]$3VANC019810$2MF 606 $a00A67$xMathematics and architecture [MSC 2020]$3VANC033543$2MF 610 $aArches$9KW:K 610 $aAshlar$9KW:K 610 $aBaroque$9KW:K 610 $aConstruction history$9KW:K 610 $aDescriptive geometry$9KW:K 610 $aGothic vaulting$9KW:K 610 $aRenaissance$9KW:K 610 $aStaircases$9KW:K 610 $aStonecutting$9KW:K 610 $aTrumpet squinches$9KW:K 620 $aCH$dCham$3VANL001889 700 1$aCalvo-López$bJosé$3VANV204287$0909277 712 $aBirkhäuser $3VANV108193$4650 712 $aSpringer $3VANV108073$4650 801 $aIT$bSOL$c20240614$gRICA 856 4 $uhttp://doi.org/10.1007/978-3-030-43218-8$zE-book ? Accesso al full-text attraverso riconoscimento IP di Ateneo, proxy e/o Shibboleth 899 $aBIBLIOTECA DEL DIPARTIMENTO DI MATEMATICA E FISICA$1IT-CE0120$2VAN08 912 $fN 912 $aVAN0249875 950 $aBIBLIOTECA DEL DIPARTIMENTO DI MATEMATICA E FISICA$d08CONS e-book 4870 $e08eMF4870 20220909 996 $aStereotomy$92034098 997 $aUNICAMPANIA LEADER 02303nam0 22005293i 450 001 VAN0214397 005 20230606095858.947 017 70$2N$a9783662586297 100 $a20210920d2019 |0itac50 ba 101 $aeng 102 $aDE 105 $a|||| ||||| 200 1 $aFlavor Physics and the TeV Scale$fGeorge W. S. Hou 205 $a2. ed 210 $aBerlin$cSpringer$d2019 215 $axv, 210 p.$cill.$d24 cm 410 1$1001VAN0132795$12001 $aSpringer Tracts in Modern Physics$1210 $aBerlin [etc.]$cSpringer$v233 500 1$3VAN0214400$aFlavor Physics and the TeV Scale$92522938 606 $a81-XX$xQuantum theory [MSC 2020]$3VANC019967$2MF 606 $a00A79 (77-XX)$xPhysics [MSC 2020]$3VANC023182$2MF 606 $a81V25$xOther elementary particle theory in quantum theory [MSC 2020]$3VANC034012$2MF 606 $a81V05$xStrong interaction, including quantum chromodynamics [MSC 2020]$3VANC034061$2MF 606 $a81T50$xAnomalies in quantum field theory [MSC 2020]$3VANC036806$2MF 610 $aCP Violation$9KW:K 610 $aElectroweak Symmetry Breaking$9KW:K 610 $aFlavor Anomalies$9KW:K 610 $aHeavy Flavor Physics$9KW:K 610 $aLarge Hadron Collider experiments$9KW:K 610 $aLepton Number Violation$9KW:K 610 $aPenguin Diagrams$9KW:K 610 $aPhysics beyond Standard Model$9KW:K 610 $aQuantum Loops$9KW:K 610 $aStandard Model Physics$9KW:K 610 $aTeV-scale physics$9KW:K 610 $afuture perspective of flavor physics$9KW:K 610 $aprogress in flavor physics$9KW:K 620 $dBerlin$3VANL000066 700 1$aHou$bGeorge W. S.$3VANV183815$01062102 712 $aSpringer $3VANV108073$4650 801 $aIT$bSOL$c20240614$gRICA 856 4 $uhttp://doi.org/10.1007/978-3-662-58629-7$zE-book ? Accesso al full-text attraverso riconoscimento IP di Ateneo, proxy e/o Shibboleth 899 $aBIBLIOTECA DEL DIPARTIMENTO DI MATEMATICA E FISICA$1IT-CE0120$2VAN08 912 $fN 912 $aVAN0214397 950 $aBIBLIOTECA DEL DIPARTIMENTO DI MATEMATICA E FISICA$d08CONS e-book 3813 $e08eMF3813 20210920 996 $aFlavor Physics and the TeV Scale$92522938 997 $aUNICAMPANIA